<?xml version="1.0" encoding="UTF-8"?>
<record
    xmlns:xsi="http://www.w3.org/2001/XMLSchema-instance"
    xsi:schemaLocation="http://www.loc.gov/MARC21/slim http://www.loc.gov/standards/marcxml/schema/MARC21slim.xsd"
    xmlns="http://www.loc.gov/MARC21/slim">

  <leader>02092nam a2200241Ia 4500</leader>
  <datafield tag="952" ind1=" " ind2=" ">
    <subfield code="0">0</subfield>
    <subfield code="1">0</subfield>
    <subfield code="2">lcc</subfield>
    <subfield code="4">0</subfield>
    <subfield code="7">0</subfield>
    <subfield code="a">08</subfield>
    <subfield code="b">08</subfield>
    <subfield code="d">2012-11-27</subfield>
    <subfield code="l">16</subfield>
    <subfield code="m">1</subfield>
    <subfield code="o">K239 M67 2010</subfield>
    <subfield code="p">08 004278</subfield>
    <subfield code="r">2023-08-18</subfield>
    <subfield code="s">2023-08-18</subfield>
    <subfield code="t">1</subfield>
    <subfield code="w">2012-11-27</subfield>
    <subfield code="y">LB</subfield>
  </datafield>
  <datafield tag="952" ind1=" " ind2=" ">
    <subfield code="0">0</subfield>
    <subfield code="1">0</subfield>
    <subfield code="2">lcc</subfield>
    <subfield code="4">0</subfield>
    <subfield code="7">0</subfield>
    <subfield code="a">20</subfield>
    <subfield code="b">20</subfield>
    <subfield code="d">2018-02-17</subfield>
    <subfield code="l">6</subfield>
    <subfield code="o">K239 M67 1989</subfield>
    <subfield code="p">20 000699</subfield>
    <subfield code="r">2023-01-25</subfield>
    <subfield code="s">2022-10-24</subfield>
    <subfield code="t">1</subfield>
    <subfield code="w">2018-02-17</subfield>
    <subfield code="y">LB</subfield>
  </datafield>
  <datafield tag="952" ind1=" " ind2=" ">
    <subfield code="0">0</subfield>
    <subfield code="1">0</subfield>
    <subfield code="2">lcc</subfield>
    <subfield code="4">0</subfield>
    <subfield code="7">0</subfield>
    <subfield code="a">20</subfield>
    <subfield code="b">20</subfield>
    <subfield code="d">2018-02-17</subfield>
    <subfield code="l">6</subfield>
    <subfield code="o">K239 M67 1989</subfield>
    <subfield code="p">20 000700</subfield>
    <subfield code="r">2022-10-18</subfield>
    <subfield code="s">2022-10-17</subfield>
    <subfield code="t">2</subfield>
    <subfield code="w">2018-02-17</subfield>
    <subfield code="y">LB</subfield>
  </datafield>
  <datafield tag="999" ind1=" " ind2=" ">
    <subfield code="c">83078</subfield>
    <subfield code="d">83078</subfield>
  </datafield>
  <controlfield tag="008">120721s1989    xx a          000 0 spa d</controlfield>
  <datafield tag="020" ind1=" " ind2=" ">
    <subfield code="a">9789682432330</subfield>
  </datafield>
  <datafield tag="050" ind1=" " ind2=" ">
    <subfield code="a">K239</subfield>
    <subfield code="b">M67 1989</subfield>
  </datafield>
  <datafield tag="100" ind1=" " ind2=" ">
    <subfield code="a">Morales, Jos&#xE9; Ignacio</subfield>
    <subfield code="e">autor</subfield>
  </datafield>
  <datafield tag="245" ind1=" " ind2=" ">
    <subfield code="a">Derecho romano</subfield>
    <subfield code="c"> / Jos&#xE9; Ignacio Morales</subfield>
  </datafield>
  <datafield tag="250" ind1=" " ind2=" ">
    <subfield code="a">3a edici&#xF3;n</subfield>
  </datafield>
  <datafield tag="260" ind1=" " ind2=" ">
    <subfield code="a">M&#xE9;xico</subfield>
    <subfield code="b"> : Trillas</subfield>
    <subfield code="c"> , 1989</subfield>
  </datafield>
  <datafield tag="300" ind1=" " ind2=" ">
    <subfield code="a">349 p&#xE1;ginas</subfield>
    <subfield code="b">: il. </subfield>
    <subfield code="c">; 23 cm.</subfield>
  </datafield>
  <datafield tag="500" ind1=" " ind2=" ">
    <subfield code="a">Educaci&#xF3;n Mixta
Derecho / Derecho Romano II B07 (21 001518)</subfield>
  </datafield>
  <datafield tag="504" ind1=" " ind2=" ">
    <subfield code="a">Incluye:
Dedicatoria
Pr&#xF3;logo
&#xCD;ndice de contenido
Ap&#xE9;ndice: Cuadros sin&#xF3;pticos de derecho romano
Bibliograf&#xED;a (p&#xE1;gina 351)</subfield>
  </datafield>
  <datafield tag="505" ind1=" " ind2=" ">
    <subfield code="a">Generalidades hist&#xF3;ricas
Primeros &#xF3;rganos de gobierno en tiempo de la Monarqu&#xED;a
Los sicesores de R&#xF3;mulo
La rep&#xFA;blica
La dictadura
Ley de las XII tablas
Contin&#xFA;a la lucha entre patricios y plebeyos
Roma contin&#xFA;a su expansi&#xF3;n
Nace el imperio
Breve panorama de la literatura, el arte, las ciencias y la filosof&#xED;a durante el Imperio romano
Comienza la anarqu&#xED;a militar
Gobernantes romanos de R&#xF3;mulo a Justiciano
Algunas reglas del derecho romano
Locuciones latinas de uso frecuente
Algunos principios del derecho romano
El pueblo romano y sus leyes
Instituciones del derecho romano
Interpretaci&#xF3;n de la ley
De las personas
La esclavitud
Status civitaris
Las cosas
El poder jur&#xED;dico de las personas sobre las cosas
Modos de adquirir la propiedad seg&#xFA;n el derecho natural
Modos de adquiriri la propiedad seg&#xFA;n el derecho civil romano
Servidumbres
Derechos reales pretorianos
Las obligaciones
Los contratos
Obligaciones que nacen como de un contrato
Obligaciones que nacen de un delito
Obligaciones que nacen como de un delito
Garant&#xED;as reales y personales
Extinci&#xF3;n de las obligaciones
Sucesiones
Donaciones
Procedimiento judicial romano</subfield>
  </datafield>
  <datafield tag="519" ind1=" " ind2=" ">
    <subfield code="a"> Educaci&#xF3;n Mixta / </subfield>
    <subfield code="b">Derecho / </subfield>
    <subfield code="c">Derecho romano II (B07) / </subfield>
    <subfield code="d">(20 000699, 20 000700)</subfield>
  </datafield>
  <datafield tag="519" ind1=" " ind2=" ">
    <subfield code="a">Educaci&#xF3;n  Mixta /</subfield>
    <subfield code="b">Derecho /</subfield>
    <subfield code="c">Derecho Romano II (B07-2) /</subfield>
    <subfield code="d">(08 004278)</subfield>
  </datafield>
  <datafield tag="650" ind1=" " ind2="0">
    <subfield code="a">OBLIGACIONES</subfield>
  </datafield>
  <datafield tag="650" ind1=" " ind2="0">
    <subfield code="a">PROCEDIMIENTO JUDICIAL</subfield>
  </datafield>
  <datafield tag="650" ind1=" " ind2="0">
    <subfield code="a">DERECHOS REALES</subfield>
  </datafield>
  <datafield tag="942" ind1=" " ind2=" ">
    <subfield code="c">LB</subfield>
    <subfield code="2">lcc</subfield>
  </datafield>
</record>
